000 00312 a2200145 4500
001 178481
020 _a
040 _cMagnum
100 _aDolga, Lokowsky
240 1 0 _aTudo legal no tribunal
_lpor
245 1 0 _aTudo legal no tribunal
362 0 _a1899
697 _aMAGNITO: I/PARADIDATICO
942 _cBK
999 _c178481
_d178481